| 000 | 01130nam0a22002651 4500 | ||
|---|---|---|---|
| 001 | rc\2610477 | ||
| 005 | 20230428121922.0 | ||
| 035 | _a(NLR Aleph) 006774354 | ||
| 090 |
_a5977851 _c5977851 |
||
| 100 | _a20110914d1930 |||y0rusy50 ca | ||
| 101 | 0 | _arus | |
| 102 | _aRU | ||
| 105 | _aa z ||||| | ||
| 200 | 1 |
_aРазведение кроликов в Сибири _eПрактич. руководство _eС 64 рис. в тексте _fС. П. Волконский |
|
| 205 | _a3-е изд., испр. и доп. | ||
| 210 |
_a[Новосибирск] _cСибкрайиздат _d1930 _eИркутск _gтип. изд. "Власть тр." |
||
| 215 |
_a148 с. _cил., черт., схем. _d22х16 см. |
||
| 320 | _aБиблиография: "Литература" (на 1 странице) - "Современная литература по кролиководству" (на 1 странице) | ||
| 700 | 1 |
_aВолконский _bС. П. _f1894- _gСергей Петрович |
|
| 801 | 0 |
_aRU _bNLR _gpsbo |
|
| 801 | 1 |
_aRU _bELAR _2rusmarc |
|
| 852 |
_aNLR _j30-3/880 |
||
| 942 | _cBOOK | ||
| 980 | _aNB | ||